000 00449nam a22001217a 4500
020 _a9781544219080
082 _a621.38412
_bDES
245 _aRF Design Software Learning Kit:
_bstep by step examples on using ads software an introductory RF/Microwave course /
_cEdited by Keysight Technologies
260 _aU.S.A. :
_bKeysight Technologies,
_c2017.
300 _a170p. ;
_c28 cm.
942 _2ddc
_cBK
999 _c588477
_d588477